| 000 | 01424nam a2200253Ia 4500 | ||
|---|---|---|---|
| 003 | OSt | ||
| 005 | 20211117122547.0 | ||
| 008 | 210310s1992 ck gr 000 0 spa d | ||
| 020 | _a9589113451 | ||
| 040 |
_aCO-JMCR _cCO-JMCR |
||
| 041 | 0 | _aspa | |
| 082 | 0 | 4 |
_a342.861 / _bL791i _223 |
| 100 | 1 |
_aLleras de la Fuente, Carlos, _eautor _925886 |
|
| 245 | 0 |
_aInterpretación y génesis de la constitución de Colombia / _cCarlos Lleras de la Fuente, Carlos Adolfo Arenas Campos, Juan Manuel Charry Urueña, [y otros 1]. |
|
| 260 |
_aBogotá : _bCarrera 7ª., _c1992 |
||
| 300 |
_a735 páginas ; _c24 cm. |
||
| 500 | _aIncluye nota a pie de pagina. | ||
| 505 | _aDe los principios generales. -- De los derechos, las garantías y los deberes. -- De los habitantes del territorio. -- De la participación democrática y de los partidos políticos. -- De la organización del estado. -- De la rama legislativa. -- De la rama ejecutiva. -- De la rama judicial. -- De las elecciones y de la organización electoral. -- De la organización territorial. -- Del régimen económico y de la Hacienda Pública. -- De la reforma de la constitución. | ||
| 650 | 1 | 4 |
_aInterpretación de la constitución. _937155 |
| 650 | 2 | 4 |
_aInterpretación derechos humanos _xConstitución política. _937156 |
| 700 |
_aArenas Campos, Carlos Adolfo, _eautor _937154 |
||
| 700 |
_aCharry Urueña, Juan Manuel, _eautor _930551 |
||
| 942 |
_2ddc _cBK |
||
| 999 |
_c11574 _d11574 |
||